000 00650nam a22002177i 4500
001 6016
003 OSt
005 20181119124231.0
007 tu
008 161220s1997 xxu||||| |||| 00| 0 d
020 _a3930963280
024 7 _a6016
_2RID
024 7 _a6016
_2RSN (alt)
040 _cOSt
100 1 _aBeer, Siegfried
245 0 0 _aOstdeutsches Handwerk: Hohe Baunachfrage prägte Entwicklung
_bWirtschaftliche Lage und Regionalpolitik in den "Grenzräumen" der neuen Bundesländer
260 _aHalle :
_bInstitut für Wirtschaftsforschung Halle IWH,
_c1997.
490 _aIWH Forschungsreihe
_v5
700 1 _aBarjak, Franz
942 _cP
999 _c5705
_d5705